The new shorter Oxford English dictionary on historical principles : V.2 : N-Z.
Kaydedildi:
| Materyal Türü: | Kitap |
|---|---|
| Dil: | English |
| Baskı/Yayın Bilgisi: |
Oxford :
Clarendon Press,
1993.
|
| Konular: | |
| Etiketler: |
Etiketle
Etiket eklenmemiş, İlk siz ekleyin!
|
| Thư viện lưu trữ: | Mạng thư viện Đại học Đà Nẵng |
|---|
| LEADER | 00851cam a2200313 i 4500 | ||
|---|---|---|---|
| 001 | 000045525 | ||
| 003 | 4709 | ||
| 005 | 20030228103804.0 | ||
| 008 | 010220|1993 vm 000 eng | ||
| 020 | |a 019861134X | ||
| 040 | |a IRC |c IRC |d IRC | ||
| 041 | 0 | |a eng | |
| 082 | 1 | 4 | |a 423 |b Ne-S |
| 245 | 0 | 4 | |a The new shorter Oxford English dictionary on historical principles : |n V.2 : |p N-Z. |
| 260 | |a Oxford : |b Clarendon Press, |c 1993. | ||
| 300 | |a 2v. ([xxvii], 3801p.) | ||
| 630 | 0 | 4 | |a English dictionaries. |
| 650 | 0 | 4 | |a English language |v Dictionaries. |
| 650 | 0 | 4 | |a English language |x Etymology |v Dictionaries. |
| OWN | |a DUT | ||
| 999 | |a From the UDN01 | ||
| TYP | |a Monograph | ||
| TYP | |a Printed language | ||
| 980 | |a Mạng thư viện Đại học Đà Nẵng | ||


